Marxisticko-leninská filozofia Optimalizácia ML prípravy študentov na VŠE

Guardado en:
Detalles Bibliográficos
Autor principal: Žerebín, V.S
Otros Autores: Masár, Eduard, Čerňanský, Jozef
Formato: Libro
Lenguaje:eslovaco
Publicado: Bratislava Vysoká škola ekonomická 1986
Edición:1. vyd.
Etiquetas: Agregar Etiqueta
Sin Etiquetas, Sea el primero en etiquetar este registro!

MARC

LEADER 00000nam a2200000 4500
001 c028997
005 20221219100602.5
041 0 |a slo 
044 |a SK 
245 1 0 |a Marxisticko-leninská filozofia  |b Optimalizácia ML prípravy študentov na VŠE  |c V.S. Žerebín, Eduard Masár, Jozef Čerňanský 
250 |a 1. vyd. 
264 1 |a Bratislava  |b Vysoká škola ekonomická  |c 1986 
300 |a 108 s. 
100 1 |a Žerebín, V.S. 
700 1 |a Masár, Eduard 
700 1 |a Čerňanský, Jozef